Process modelling of metal forming and thermomechanical treatment /

Guardado en:
Detalles Bibliográficos
Autor principal: Boer, Cladio R (Autor)
Formato: Libro
Lenguaje:inglés
Publicado: Berlin : Springer Verlag, 1986
Etiquetas: Agregar Etiqueta
Sin Etiquetas, Sea el primero en etiquetar este registro!

MARC

LEADER 00000nam a22000003a 4500
001 stu396
005 20150617225621.7
008 910527s1986----gw------------------eng-d
040 |a STU  |b slo 
041 0 |a eng 
044 |a gw 
080 |a 669-1 
080 |a 539.3 
080 |a 519.711.3 
100 1 |a Boer, Cladio R  |4 aut 
245 1 |a Process modelling of metal forming and thermomechanical treatment /  |c Aut.: Boer,C.R. and o 
260 |a Berlin :  |b Springer Verlag,  |c 1986 
300 |a 409 s 
996 |b E69928  |c E*69928  |l EE15  |s P  |a 0  |w stu396_0001